000 00820nam a2200265Ia 4500
003 OSt
005 20220925210918.0
006 a|||||r|||| 00| 0
007 ta
008 220923b |||||||| |||| 00| 0 eng d
020 _a9789350301524
_c1895.00
037 _b1675, 09/03/2018, Dhanraj Book House
_cGeneral Book
040 _aRTL
_cRTL
_beng
041 _2eng
_aeng
082 _aX:8F.1, Q3
100 _aBHATT Sandip K
_9273458
245 0 _aSingle accounting for the world economy
260 _aJaipur
_bOxford Book Company
_c2013
300 _ax,238p
_ccm.
500 _aBibliography: p 169-180
650 _aCommerce
700 _a RATHOD P K
_9273459
942 _hX:8F.1, Q3
_cGB
_2CC
999 _c556235
_d556235